Elementos NO Metales - Estadísticas

Estadísticas generales
  • Esta prueba ha sido intentada 137 veces
  • La puntuación promedio es 7 de 13
Answers on the Grid
Answers color-coded by a green-red scale on the quiz's grid according to % correct below.
Helio
Cobre
Hidrogeno
Hierro
Carbono
Magnesio
Selenio
Aluminio
Indio
Oxígeno
Mercurio
Flúor
Nitrógeno
Plata
Paladio
Cromo
Titanio
Galio
Plomo
Fósforo
Bismuto
Azufre
Radón
Xenón
Copernicio
Oro
Cloro
Escandio
Níquel
Bromo
 
Estadísticas de respuestas
Respuesta % Correcto
Helio
95%
Carbono
79%
Hidrogeno
73%
Nitrógeno
70%
Oxígeno
68%
Flúor
62%
Cloro
53%
Xenón
53%
Fósforo
52%
Azufre
45%
Radón
41%
Bromo
32%
Selenio
24%
No se encontraron pruebas coincidentes
Distribución de puntuación
Porcentaje de gente con cada puntuación
Porcentaje por número respondido
Historial de tus puntuaciones
No has intentado esta prueba.